000 00608nam a2200193Ia 4500
003 GCL
008 140319s9999 xx 000 0 ara d
040 _aGCL /
_cGCL
082 0 4 _a819.9
_bع ذ
100 1 _aعباس محمود العقاد
245 1 0 _aذو النورين عثمان بن عفان /
_cعباس محمود العقاد
260 _aالقاهرة :
_bدار نهضة مصر للطبع والنشر
300 _a126 ص ؛
_c24سم
490 _a
650 0 4 _aالاسلام
650 0 4 _aعثمان بن عفان
650 0 4 _aالصحابة والتابعون
942 _2ddc
_cBK
999 _c55584
_d55584